<?xml version="1.0" encoding="UTF-8"?><?xml-stylesheet type="text/xsl" href="static/style.xsl"?><OAI-PMH xmlns="http://www.openarchives.org/OAI/2.0/" xmlns:xsi="http://www.w3.org/2001/XMLSchema-instance" xsi:schemaLocation="http://www.openarchives.org/OAI/2.0/ http://www.openarchives.org/OAI/2.0/OAI-PMH.xsd"><responseDate>2026-04-29T09:31:46Z</responseDate><request verb="GetRecord" identifier="oai:riubu.ubu.es:10259/8626" metadataPrefix="marc">https://riubu.ubu.es/oai/request</request><GetRecord><record><header><identifier>oai:riubu.ubu.es:10259/8626</identifier><datestamp>2024-02-09T01:05:28Z</datestamp><setSpec>com_10259.4_2506</setSpec><setSpec>com_10259.4_2505</setSpec><setSpec>com_10259.4_106</setSpec><setSpec>com_10259_2604</setSpec><setSpec>com_10259_7396</setSpec><setSpec>col_10259.4_2507</setSpec><setSpec>col_10259_8515</setSpec><setSpec>col_10259_8517</setSpec><setSpec>col_10259_8619</setSpec></header><metadata><record xmlns="http://www.loc.gov/MARC21/slim" xmlns:doc="http://www.lyncode.com/xoai" xmlns:xsi="http://www.w3.org/2001/XMLSchema-instance" xmlns:dcterms="http://purl.org/dc/terms/" xsi:schemaLocation="http://www.loc.gov/MARC21/slim http://www.loc.gov/standards/marcxml/schema/MARC21slim.xsd">
<leader>00925njm 22002777a 4500</leader>
<datafield tag="042" ind1=" " ind2=" ">
<subfield code="a">dc</subfield>
</datafield>
<datafield tag="720" ind1=" " ind2=" ">
<subfield code="a">Ortiz Palacio, Santiago</subfield>
<subfield code="e">author</subfield>
</datafield>
<datafield tag="720" ind1=" " ind2=" ">
<subfield code="a">Ibáñez García, Sergio</subfield>
<subfield code="e">author</subfield>
</datafield>
<datafield tag="720" ind1=" " ind2=" ">
<subfield code="a">López Ausín, Víctor</subfield>
<subfield code="e">author</subfield>
</datafield>
<datafield tag="720" ind1=" " ind2=" ">
<subfield code="a">Porres Benito, José Ángel</subfield>
<subfield code="e">author</subfield>
</datafield>
<datafield tag="260" ind1=" " ind2=" ">
<subfield code="c">2015</subfield>
</datafield>
<datafield tag="520" ind1=" " ind2=" ">
<subfield code="a">In the course of the last decades many efforts have been focused on the design of effective&#xd;
countermeasures to retrofit pre-existing engineered structures -including both buildings and&#xd;
civil constructions- to properly resist the effects of primary and secondary seismic failure induced mechanisms. On the other hand, due to several reasons which will be here&#xd;
summarized, non-engineered buildings (e.g.: unreinforced masonry structures, shack housing&#xd;
in developing countries, adobe dwellings, etc.) have not been so widely studied. As these&#xd;
structures are far from simple, they pose many interesting issues regarding earthquake&#xd;
vulnerability and the challenging tasks of either retrofitting their design or performing soil and&#xd;
foundation improvements in frequently difficult psycho-environmental settings. In this&#xd;
presentation, some of the most outstanding features of non-engineered buildings will be&#xd;
detailed. Also, a summary of some of the most effective approaches of hybrid structural and&#xd;
soil improvements will be discussed with some guidelines for future studies.</subfield>
</datafield>
<datafield tag="024" ind2=" " ind1="8">
<subfield code="a">http://hdl.handle.net/10259/8626</subfield>
</datafield>
<datafield tag="245" ind1="0" ind2="0">
<subfield code="a">Earthquake Vulnerability and the State-of-the-Art of Hybrid Structural Reinforcement and Soil Improvement Methods for NonEngineered Structures</subfield>
</datafield>
</record></metadata></record></GetRecord></OAI-PMH>